000 00972cam a22002531 4500
001 gs 38000292
003 DLC
005 20260227111343.0
008 770317s1938 dcuab b f000 0 eng c
010 _ags 38000292
040 _aU.S. Geol. survey. Library (200)E no. 904
_cak
_dDLC
043 _an-us-ak
050 0 0 _aQE75
_b.B9 no. 904
051 _aQE84.S6
_bM58
_cCopy 2.
100 1 _aMoffit, Fred H.
_q(Fred Howard),
_d1874-1958?
245 0 0 _aGeology of the Slana-Tok district, Alaska,
_cby Fred H. Moffit.
260 _aWashington,
_bU.S. Govt. print. off.,
_c1938.
300 _aiv, 54 p. incl. illus., tables, diagrs.
_b4 pl. (incl. fold. map (in pocket))
_c23 cm.
490 0 _aUnited States. Geological survey. Bulletin 904
500 _aAt head of title: United States Department of the interior ... Geological survey.
504 _aBibliographical foot-notes ...
650 0 _aGeology
_zAlaska.
740 0 _aSlana-Tok district, Alaska, Geology of the.
999 _c27499
_d27499